000 00502nam a22001937a 4500
999 _c2771
_d2771
003 URS
005 20220114142252.0
008 200214s2002 |||| |||| 00| 0 eng d
020 _a0375505423
040 _cURS
_beng
_drda
050 1 4 _aD 888
_b.M4788 2002
100 1 _aMcCain, John
245 1 0 _aWorth the figthing for: a memoir
_cJohn McCain, Mark Salter
260 _c[2002]
300 _axxvi, 396 pages
_c25 cm
650 _aLegislator-Us-biography
700 _aSalter, Mark
942 _2lcc
_cFR